Statistics for Algeria Football Team World Cup Starting XI

Click here to take the quiz!

General Stats

  • This quiz has been taken 371 times
  • The average score is 7 of 37

Answer Stats

Player% Correct
Islam Slimani
81%
Sofiane Feghouli
68%
Raïs M'Bolhi
55%
Rabah Madjer
44%
Aïssa Mandi
39%
Faouzi Ghoulam
35%
Madjid Bougherra
30%
Rafik Halliche
30%
Hillel Soudani
27%
Saphir Taïder
27%
Nabil Bentaleb
25%
Lakhdar Belloumi
22%
Karim Ziani
20%
Antar Yahia
18%
Essaïd Belkalem
15%
Hassan Yebda
15%
Mehdi Lacen
15%
Nadir Belhadj
15%
Carl Medjani
13%
Karim Matmour
12%
Rafik Djebbour
12%
Djamel Zidane
11%
Mustapha Dahleb
9%
Salah Assad
8%
Faouzi Mansouri
7%
Foued Kadir
6%
Ali Fergani
4%
Mehdi Cerbah
4%
Abdellah Liegeon
3%
Chaâbane Merzekane
3%
Mahmoud Guendouz
3%
Mohamed Kaci-Said
3%
Noureddine Kourichi
3%
Fodil Megharia
2%
Halim Benmabrouk
2%
Karim Maroc
2%
Nacerdine Drid
2%

Score Distribution

Percentile by Number Answered

Percent of People with Each Score

Your Score History

You have not taken this quiz